The Stranger / (Record no. 4609)
[ view plain ]
| 000 -LEADER | |
|---|---|
| fixed length control field | 01886nam a22002897a 4500 |
| 001 - CONTROL NUMBER | |
| control field | 4609 |
| 003 - CONTROL NUMBER IDENTIFIER | |
| control field | FISKH |
| 005 - DATE AND TIME OF LATEST TRANSACTION | |
| control field | 20240918095435.0 |
| 008 - FIXED-LENGTH DATA ELEMENTS--GENERAL INFORMATION | |
| fixed length control field | 240918b cb ||||| |||| 00| 0 eng d |
| 020 ## - INTERNATIONAL STANDARD BOOK NUMBER | |
| International Standard Book Number | 9780545424141 |
| 040 ## - CATALOGING SOURCE | |
| Original cataloging agency | FISKH |
| Language of cataloging | eng |
| Transcribing agency | FISKH |
| Modifying agency | FISKH |
| 050 ## - LIBRARY OF CONGRESS CALL NUMBER | |
| Classification number | PZ7.A6485 |
| 082 ## - DEWEY DECIMAL CLASSIFICATION NUMBER | |
| Edition number | 813.54 |
| 100 ## - MAIN ENTRY--PERSONAL NAME | |
| Personal name | Applegate, K.A. |
| Dates associated with a name | 1956- |
| 245 ## - TITLE STATEMENT | |
| Title | The Stranger / |
| Statement of responsibility, etc. | Animorphs K.A. Applegate |
| 250 ## - EDITION STATEMENT | |
| Edition statement | This edition first printing in 2012 |
| 260 ## - PUBLICATION, DISTRIBUTION, ETC. | |
| Place of publication, distribution, etc. | New York : |
| Name of publisher, distributor, etc. | Scholastic, |
| Date of publication, distribution, etc. | 2012. |
| 300 ## - PHYSICAL DESCRIPTION | |
| Extent | 171 pages : |
| Dimensions | 20cm |
| 505 ## - FORMATTED CONTENTS NOTE | |
| Formatted contents note | N<br/> |
| 520 ## - SUMMARY, ETC. | |
| Summary, etc. | The wildly popular books by K.A. Applegate are back! The Animorphs return in this update of the classic series. Rachel isn't the kind of girl who backs away from a fight. When her dad asks her to move across the country with him, it hurts, but Rachel won't desert her friends in their fight to save the world.But then the Animorphs are contacted by a very old, very powerful alien being that knows about their struggle. He's called the Ellimist, and he presents them with a choice: They can abandon the planet with their families and be taken to safety, or they an stay to fight the Yeerks -- and lose. Praise for Animorphs"Engaging ... impressive." -School Library Journal"There's clearly something about Animorphs that has kept kids enthralled."-Publisher's Weekly K.A. APPLEGATE is the author of the bestselling Animorphs series, as well as the Remnants and Everworld series, Home of the Brave, and the Roscoe Riley Rules series. She lives in Tiburon, California. Praise for Animorphs"Engaging ... impressive." -School Library Journal"There's clearly something about Animorphs that has kept kids enthralled."-Publisher's Weekly. |
| 521 8# - TARGET AUDIENCE NOTE | |
| Target audience note | 530L<br/> |
| Source | Lexile<br/> |
| 521 8# - TARGET AUDIENCE NOTE | |
| Target audience note | N<br/> |
| Source | Raz-Plus<br/> |
| 650 ## - SUBJECT ADDED ENTRY--TOPICAL TERM | |
| Source of heading or term | Science fiction |
| Topical term or geographic name entry element | Young adult |
| 650 ## - SUBJECT ADDED ENTRY--TOPICAL TERM | |
| Source of heading or term | Animorphs |
| Topical term or geographic name entry element | Middle grade |
| 942 ## - ADDED ENTRY ELEMENTS (KOHA) | |
| Source of classification or shelving scheme | Dewey Decimal Classification |
| Koha item type | Books |
| Suppress in OPAC | No |
| Withdrawn status | Lost status | Source of classification or shelving scheme | Damaged status | Not for loan | Collection | Home library | Current library | Shelving location | Date acquired | Total Checkouts | Full call number | Barcode | Date last seen | Copy number | Price effective from | Koha item type |
|---|---|---|---|---|---|---|---|---|---|---|---|---|---|---|---|---|
| Dewey Decimal Classification | Fiction | Footprints International School Library Network Toul Kork Campus | Footprints International School Library Network Toul Kork Campus | TTP Primary Yellow Bookshelves | 09/18/2024 | APP 813.54 PZ7.A6485 | 2024-2002 | 09/18/2024 | 1 | 09/18/2024 | Books |
